Socialism and social accountability in a developing nation : (Record no. 1599)
[ view plain ]
| 000 -LEADER | |
|---|---|
| fixed length control field | 00685nam a22002057i 4500 |
| 001 - CONTROL NUMBER | |
| control field | 2297506 |
| 003 - CONTROL NUMBER IDENTIFIER | |
| control field | OSt |
| 005 - DATE AND TIME OF LATEST TRANSACTION | |
| control field | 20230620105222.0 |
| 008 - FIXED-LENGTH DATA ELEMENTS--GENERAL INFORMATION | |
| fixed length control field | 800102|1978 ||| 000 0 eng |
| 010 ## - LIBRARY OF CONGRESS CONTROL NUMBER | |
| LC control number | 79980521 |
| 040 ## - CATALOGING SOURCE | |
| Original cataloging agency | DLC |
| Transcribing agency | DLC |
| Modifying agency | DLC |
| 050 00 - LIBRARY OF CONGRESS CALL NUMBER | |
| Classification number | MLCS 83/7732 (H) |
| 082 ## - DEWEY DECIMAL CLASSIFICATION NUMBER | |
| Classification number | 320.5 |
| Item number | NSE |
| 100 1# - MAIN ENTRY--PERSONAL NAME | |
| Personal name | Nsekela, Amon J. (Amon James) |
| Relator term | , 1930- |
| 245 10 - TITLE STATEMENT | |
| Title | Socialism and social accountability in a developing nation : |
| Remainder of title | problems in the transformation of the Tanzanian economy and society / |
| Statement of responsibility, etc. | Amon J. Nsekela. |
| 260 ## - PUBLICATION, DISTRIBUTION, ETC. (IMPRINT) | |
| Place of publication, distribution, etc. | Nairobi : Kenya Literature Bureau, 1978. |
| 300 ## - PHYSICAL DESCRIPTION | |
| Extent | x, 179 p. ; 19 cm. |
| 906 ## - LOCAL DATA ELEMENT F, LDF (RLIN) | |
| a | 7 |
| b | cbc |
| c | orignew |
| d | 4 |
| e | ncip |
| f | 19 |
| g | y-gencatlg |
| 942 ## - ADDED ENTRY ELEMENTS (KOHA) | |
| Source of classification or shelving scheme | Dewey Decimal Classification |
| Koha item type | Books |
| Withdrawn status | Lost status | Source of classification or shelving scheme | Damaged status | Not for loan | Home library | Current library | Date acquired | Total Checkouts | Full call number | Barcode | Date last seen | Price effective from | Koha item type |
|---|---|---|---|---|---|---|---|---|---|---|---|---|---|
| Dewey Decimal Classification | County Hall Archives | County Hall Archives | 06/20/2023 | 320.5 NSE | 10000511 | 06/20/2023 | 06/20/2023 | Books |
